| 000 | 00465nam a22001577a 4500 | ||
|---|---|---|---|
| 020 | _a9780521544634 | ||
| 082 | _a428.0076 JAK | ||
| 100 | _aJakeman, Vanessa | ||
| 245 | _aCambridge IELTS 4: examination papers from university of cambridge esol examinations | ||
| 260 |
_aUK _bCambridge University Press _c2005 |
||
| 300 |
_a176 p. _eCD-ROM |
||
| 490 | _aIelts practice tests. | ||
| 650 | _aExamination Papers IELTS | ||
| 700 | _aMcDowell, Clare | ||
| 942 | _cBK | ||
| 999 |
_c491114 _d491114 |
||